000 00649nam a22001937a 4500
005 20160909114332.0
010 _aENG-115979
020 _a9789380318462
_c1125.00
035 _aEN-99511
037 _bDBAD/PUB
082 _a355.03109540951
100 _dKrishna Kumar Singh
245 _aIndo China relation 1962 war /
_cby K.K.Singh
246 _aIndo China relation 1962 war /Krishna Kumar Singh
260 _aNew Delhi
_bNeha Publishers & Distributors
_c2013
270 _a4832/24 Prahlad lane,S-207,Ansari Road,Daryaganj
_bNew Delhi
_e110002
300 _avi,330p.
_c23cm (Hb)
942 _2ddc
_cEN
_h355.03109540951
_mKRI
999 _c103187
_d103187